Svidnícky okres v tlači 1978 : bibliografická ročenka 3
Uložené v:
| Ďalší autori: | |
|---|---|
| Médium: | Kniha |
| Jazyk: | Slovak |
| Vydané: |
Svidník :
Okresná knižnica,
1980.
|
| ISBN: |
(brož.) |
| Fyzický popis: |
239 s. |
| Tagy: |
Pridať tag
Žiadne tagy, Buďte prvý kto otaguje tento záznam!
|
Titul je dostupný aj v ... 

MARC
| LEADER | 00000nam a2200000 a 4500 | ||
|---|---|---|---|
| 001 | 000162021 | ||
| 005 | 20091129191314.0 | ||
| 008 | 040101s1980 xo e slo d | ||
| 020 | |a (brož.) | ||
| 040 | |a SVKKK |b slo |c SVKKK |e AACR2 | ||
| 041 | 0 | |a slo | |
| 044 | |a xo |c SK | ||
| 245 | 0 | 0 | |a Svidnícky okres v tlači 1978 : |b bibliografická ročenka |n 3 |c zostavila E. Kudlová. |
| 260 | |a Svidník : |b Okresná knižnica, |c 1980. | ||
| 300 | |a 239 s. | ||
| 700 | 1 | |a Kudlová, Emília |4 edt | |
| 910 | |a svkkk | ||
| 998 | |a BK | ||
| 090 | |g SCKHL |k Sklad Pribinova 2. posch. |a II.310044 |j 746819 |i 162021-10 |s Absenčne | ||